| 000 | 00848cad a22001935a 4500 | ||
|---|---|---|---|
| 001 | E154419 | ||
| 008 | 111129s2010 xxk f 000 0 eng d | ||
| 035 | _a(Sirsi) u154419 | ||
| 041 | 0 | _aeng | |
| 110 | 2 |
_aCouncil of Mortgage Lenders _95903 |
|
| 245 | 0 | 0 |
_aCML Scotland factsheet _bhousing and mortgage market update _h[electronic resource] |
| 260 |
_a[S.l.] _bCML _c2010 |
||
| 520 | _aProvides information on the residential property and mortgage market in Scotland, including average age of first time buyers, average mover income, number of loans taken out, affordability and house price information. | ||
| 590 | _aKA | ||
| 651 | 4 |
_aScotland _y1999- |
|
| 690 | _aPROPERTY-RESIDENTIAL PROPERTY-RESIDENTIAL PROPERTY MARKET | ||
| 856 | 4 | 0 |
_uhttps://www.cml.org.uk/cml/media/fact _zView the factsheet free of charge at www.cml.org.uk |
| 942 | _n0 | ||
| 999 |
_c112982 _d112982 |
||